[Event "Zlin Region-chT 2223"]
[Site "Czech Republic"]
[Date "2023.01.15"]
[Round "6.3"]
[White "Kubin, Petr"]
[Black "Zgarba, Radek"]
[Result "1/2-1/2"]
[WhiteElo "1976"]
[BlackElo "1914"]
[PlyCount "62"]
[EventDate "2022.10.09"]
[EventType "team-tourn"]
[EventRounds "11"]
[EventCountry "CZE"]
[SourceTitle "EXT 2024"]
[Source "ChessBase"]
[SourceDate "2023.10.10"]
[SourceVersion "1"]
[SourceVersionDate "2023.10.10"]
[SourceQuality "1"]
[WhiteTeam "Valasska Bystrice Sokol"]
[BlackTeam "Usti Sokol"]
[WhiteTeamCountry "CZE"]
[BlackTeamCountry "CZE"]

1. e4 c5 2. Nf3 d6 3. d4 cxd4 4. Nxd4 Nf6 5. Nc3 a6 6. Bg5 e6 7. f4 h6 8. Bh4 Qb6 9. Qd2 Qxb2 10. Rb1 Qa3 11. f5 Qa5 12. fxe6 fxe6 13. Be2 Be7 14. 0-0 Nxe4 15. Nxe4 Qxd2 16. Bh5+ Kd7 17. Nxd2 Bxh4 18. Rf7+ Kd8 19. Rbxb7 Bf6 20. N2b3 Bd7 21. Bg4 Kc8 22. Rb4 Re8 23. Rc4+ Kd8 24. Na5 Ra7 25. Ndc6+ Nxc6 26. Nxc6+ Bxc6 27. Rxa7 Bb5 28. Rb4 Bc3 29. Ra8+ Kd7 30. Ra7+ Kd8 31. Ra8+ Ke7 1/2-1/2

[Event "Vsetin op"]
[Site "Vsetin"]
[Date "2017.07.02"]
[Round "2"]
[White "Zgarba, Radek"]
[Black "Brousek, Jiri"]
[Result "1-0"]
[WhiteElo "1838"]
[BlackElo "2016"]
[PlyCount "101"]
[EventDate "2017.07.01"]
[EventType "swiss"]
[EventRounds "9"]
[EventCountry "CZE"]
[SourceTitle "CBM 179 Extra"]
[Source "ChessBase"]
[SourceDate "2017.08.23"]
[SourceVersion "1"]
[SourceVersionDate "2017.08.23"]
[SourceQuality "1"]

1. c4 e5 2. Nc3 Nf6 3. Nf3 Nc6 4. g3 Bc5 5. Bg2 d6 6. a3 a6 7. b4 Ba7 8. 0-0 0-0 9. Bb2 Re8 10. d3 Bd7 11. Nd5 Nxd5 12. cxd5 Ne7 13. e4 c6 14. dxc6 Nxc6 15. Nd2 Be6 16. Kh1 d5 17. f4 exf4 18. gxf4 f6 19. f5 Bf7 20. Qg4 Ne5 21. Bxe5 Rxe5 22. Nf3 Re7 23. e5 Rxe5 24. Nxe5 fxe5 25. f6 g6 26. Qg5 Bd4 27. Rac1 Qf8 28. Rc7 h6 29. Qg4 b5 30. Rxf7 Qxf7 31. Rc1 Kh7 32. h4 Ra7 33. Rc6 Rc7 34. Qe6 Qxe6 35. Rxe6 Kg8 36. Bxd5 Kf8 37. Rxa6 Rc8 38. Rd6 Bb2 39. Rd7 Bxa3 40. Rh7 Ke8 41. Be6 Rc1+ 42. Kg2 Bxb4 43. Ra7 Kd8 44. Ra8+ Kc7 45. Rc8+ Kd6 46. Rxc1 Kxe6 47. Rc6+ Kf7 48. Kf3 Bd2 49. Ke4 Bf4 50. d4 g5 51. dxe5 1-0

[Event "Vsetin op"]
[Site "Vsetin"]
[Date "2017.07.01"]
[Round "1"]
[White "Bosak, Jan"]
[Black "Zgarba, Radek"]
[Result "1-0"]
[WhiteElo "2151"]
[BlackElo "1838"]
[PlyCount "79"]
[EventDate "2017.07.01"]
[EventType "swiss"]
[EventRounds "9"]
[EventCountry "CZE"]
[SourceTitle "CBM 179 Extra"]
[Source "ChessBase"]
[SourceDate "2017.08.23"]
[SourceVersion "1"]
[SourceVersionDate "2017.08.23"]
[SourceQuality "1"]

1. c4 Nf6 2. Nc3 g6 3. e4 d6 4. d4 Bg7 5. Nf3 0-0 6. Be2 Nbd7 7. 0-0 e5 8. d5 Nc5 9. Qc2 a5 10. Ne1 Ne8 11. Be3 b6 12. f3 f5 13. Nd3 f4 14. Bf2 g5 15. a3 Nxd3 16. Qxd3 h5 17. b4 g4 18. c5 bxc5 19. bxc5 gxf3 20. Bxf3 Qg5 21. Nb5 Rf6 22. Rfc1 Bh3 23. Kh1 Bg4 24. Rc2 Rg6 25. Rac1 Rb8 26. a4 h4 27. h3 Bxf3 28. Qxf3 Bf8 29. Be1 dxc5 30. Bxa5 Bd6 31. Be1 Nf6 32. Rb1 Nd7 33. a5 Ra8 34. Ra2 Kf7 35. a6 Nb6 36. Qf2 Qg3 37. Nxd6+ Rxd6 38. Qxc5 Qd3 39. Qxc7+ Rd7 40. Qxb6 1-0